Dog Man Multiple Choice - Statistics

General Stats
  • This quiz has been taken 90 times
  • The average score is 3 of 5
Answer Stats
Question Answer % Correct
What is the name of the man that created Dog Man? Officer Knight
82%
What is the name of the dog that created Dog Man? Greg
77%
How many new, improved, and outrageously cute Supa Buddies are there? Four
60%
How did Dog Man become a cop? Because of Nurse Lady
58%
What is Dog Man's new superhero name? The Scarlet Shedder
56%
No matching quizzes found
Score Distribution
Percent of People with Each Score
Percentile by Number Answered
Your Score History
You have not taken this quiz